• 首页
  • 本馆介绍
  • 公告通知
  • 最新文献
  • 馆藏检索
  • 电子资源
  • 读者导购
  • 参考咨询
  • 我的图书馆
  • 登录
  • 详细信息显示
  • 放入我的书架
  • 预约/预借图书
  • 作者相关作品
  • 分类相关作品
  • 丛书相关作品
  • 出版社相关作品

书目信息

  • 表格格式
  • 工作单格式
  • 卡片格式
题名:
匈牙利悲剧
    
 
作者: 科帕奇 著 ;龚新康 译
分册:  
出版信息: 北京   群众出版社  1982
页数: 395页
开本: 19cm
丛书名:
单 册:
中图分类: D751.55
科图分类:
主题词: 政治运动--匈牙利 , 政治事件--匈牙利
电子资源:
ISBN:
000 00718nam0 2200253 45
001 0182008772
005 20060817103709.25
010    @dCNY1.00
091    @a3067.144
100    @a19950509d1982 em y0chiy0121 ea
101 1  @achi@chun
102    @aCN@b110000
105    @ay z 000yy
200 10 @a匈牙利悲剧@Axiong ya li bei ju@f(匈)山多尔·科帕奇著@F(Xiong)Shan Duo Er·Ke Pa Qi Zhu@g龚新康译
210    @a北京@c群众出版社@d1982
215    @a395页@d19cm
606    @a政治运动@y匈牙利
606 0  @a政治事件@x匈牙利
690    @aD751.55@v3
701  0 @a科帕奇@4著
702  0 @a龚新康@Agong xin kang@4译
801  0 @aCN@b上海图书馆@c20060817
801  2 @aCN@bNLC@c20060720
905    @dD751.55@e46@f1@b82468
    
    匈牙利悲剧/(匈)山多尔·科帕奇著/龚新康译.-北京:群众出版社,1982
    395页;19cm
    
    
    ISBN :CNY1.00
    
●
相关链接 在E读中查询图书 在五车中查询图书 在当当中查询图书 在豆瓣中查询图书


正题名:匈牙利悲剧     索取号:D751.55/46         预约/预借

序号 登录号 条形码 馆藏地/架位号 状态 备注
1 0082464   001016019   密集书库/ [索取号:D751.55/46] 在馆    
2 0082465   001016144   第一借阅区/ [索取号:D751.55/46] 在馆    
3 0082466   001016135   第一借阅区/ [索取号:D751.55/46] 在馆    
4 0082467   001015403   密集书库/ [索取号:D751.55/46] 在馆    
5 0082468   001015412   第一样本阅览室/ [索取号:D751.55/46] 在馆    
6 0435376   204353760   密集书库/ [索取号:D751.55/46] 在馆    
7 0435377   204353779   密集书库/ [索取号:D751.55/46] 在馆    
8 0465307   204653071   密集书库/ [索取号:D751.55/46] 在馆    
9 0465308   204653080   密集书库/ [索取号:D751.55/46] 在馆    
唐山师范学院图书馆 欢迎您!
大连网信软件有限公司© 版权所有